00323nam a2200121Ia 4500008004100000245006200041260001700103260000900120300000800129650002300137650001200160856002900172170516s9999 xx 000 0 und d aRadionuclide Imaging of Neurohormonal System of the Heart bTheranostics c2015 a5:6 xMedical Technology xMedtech uhttp://www.thno.org/v5i6